000 00612nam a22001937a 4500
003 BUBTL
008 160528b xxu||||| |||| 00| 0 eng d
082 _a530/ Ah511p/ 2009
100 _94425
_aAhmad, Gias uddin
245 _aPhysics For Engineers (Part-2):
_bElectricity & magnetism and modern physics /
_cGias uddin Ahmad
250 _a1st Edn.
260 _aDhaka:
_bHafiz Book Centre,
_cc2009
300 _a902 p.
_c20 cm.
505 _aPhysics For Engineers, Physics, Gias uddin Ahmad
650 0 _9167
_aPhysics
856 _k0
_l0
_yDownload
942 _2ddc
_cBK
999 _c5265
_d5265